Output in the construction industry (Record no. 114719)

MARC details
000 -LEADER
fixed length control field 01409cad a22002055a 4500
001 - CONTROL NUMBER
control field L157316
008 - FIXED-LENGTH DATA ELEMENTS--GENERAL INFORMATION
fixed length control field 121016s2012 xxkd f s f000 0 eng d
035 ## - SYSTEM CONTROL NUMBER
System control number (Sirsi) u157316
041 0# - LANGUAGE CODE
Language code of text/sound track or separate title eng
110 1# - MAIN ENTRY--CORPORATE NAME
Corporate name or jurisdiction name as entry element United Kingdom
Subordinate unit Office of National Statistics
9 (RLIN) 2035
245 00 - TITLE STATEMENT
Title Output in the construction industry
Remainder of title August 2012
Medium [electronic resource]
260 ## - PUBLICATION, DISTRIBUTION, ETC.
Place of publication, distribution, etc. [S.l.]
Name of publisher, distributor, etc. ONS
Date of publication, distribution, etc. 2012
490 #0 - SERIES STATEMENT
Series statement Statistical bulletin
Volume/sequential designation 12 October 2012
520 ## - SUMMARY, ETC.
Summary, etc. In constant (2005) prices, non-seasonally adjusted, the total volume of construction output in August 2012 is estimated to have been 11.6% lower than in August 2011. Comparing the three months from June to August 2012 with the same three months one year ago (constant (2005) prices, non-seasonally adjusted) it shows that the volume of construction output decreased by 11.9%. New work decreased by 15.6% and repair & maintenance decreased by 4.2%. Over the same period, the volume of new public housing work decreased by 20.7%; new private housing decreased by 12.1%; new infrastructure decreased by 18.4%; new public non-housing (excluding infrastructure) decreased by 21.9% and private commercial decreased by 14.4%.
590 ## - LOCAL NOTE (RLIN)
Local note KA
651 #4 - SUBJECT ADDED ENTRY--GEOGRAPHIC NAME
Geographic name Great Britain
Chronological subdivision 1707-
690 ## - LOCAL SUBJECT ADDED ENTRY--TOPICAL TERM (OCLC, RLIN)
Topical term or geographic name as entry element Construction management
9 (RLIN) 6230
856 40 - ELECTRONIC LOCATION AND ACCESS
Uniform Resource Identifier <a href="https://www.ons.gov.uk/ons/dcp171780_282657.pdf">https://www.ons.gov.uk/ons/dcp171780_282657.pdf</a>
Public note View the statistical bulletin free of charge at www.ons.gov.uk
942 ## - ADDED ENTRY ELEMENTS (KOHA)
Suppress in OPAC 0
Holdings
Withdrawn status Lost status Source of classification or shelving scheme Damaged status Not for loan Home library Current library Shelving location Date acquired Total Checkouts Full call number Barcode Date last seen Copy number Price effective from Koha item type
    Dewey Decimal Classification     Virtual Virtual Online 16/10/2012   ONLINE PUBLICATION 157316-2001 06/08/2019 1 06/08/2019 Book